MARC

LEADER 00000nam0a2200000 4500
001 140034
005 20231031141934.0
010 |a 5785500280 
035 |a (RuTPU)RU\TPU\book\151705 
090 |a 140034 
100 |a 20080618d1988 m y0rusy50 ca 
101 0 |a rus 
102 |a BY 
105 |a a j 001zy 
200 1 |a Квантовая механика  |e учебное пособие для вузов  |f Л. А. Борисоглебский 
210 |a Минск  |c издательство Университетское  |d 1988 
215 |a 623 с.  |c ил. 
320 |a Библиогр.: с. 614-616. 
610 1 |a квантовая механика 
610 1 |a учебные пособия 
610 1 |a понятия 
610 1 |a операторы 
610 1 |a одномерные задачи 
610 1 |a теория возмущений 
610 1 |a рассеяние 
610 1 |a излучение 
610 1 |a вторично-квантованные поля 
675 |a 530.145.6(075.8)  |v 3 
700 1 |a Борисоглебский  |b Л. А.  |g Леонид Александрович 
801 1 |a RU  |b 63413507  |c 20080618  |g PSBO 
801 2 |a RU  |b 63413507  |c 20140516  |g PSBO 
942 |c BK